Normal view
MARC view
- Nawaz ,Shaban
Entry Personal Name
001 - CONTROL NUMBER
- control field: 122438
003 - CONTROL NUMBER IDENTIFIER
- control field: NUST
005 - DATE AND TIME OF LATEST TRANSACTION
- control field: 20240423155943.0
008 - FIXED-LENGTH DATA ELEMENTS
- fixed length control field: 240423|| aca||aabn | a|a d
040 ## - CATALOGING SOURCE
- Original cataloging agency: NUST
- Transcribing agency: NUST
100 ## - HEADING--PERSONAL NAME
- Personal name: Nawaz ,Shaban
670 ## - SOURCE DATA FOUND
- Source citation: Work cat.: (NUST): Nawaz ,Shaban , Energy harvesting by bio-inspired inverted C-cylinders in stagger arrangements /
